<?xml version="1.0" encoding="UTF-8"?>
<record
    xmlns:xsi="http://www.w3.org/2001/XMLSchema-instance"
    xsi:schemaLocation="http://www.loc.gov/MARC21/slim http://www.loc.gov/standards/marcxml/schema/MARC21slim.xsd"
    xmlns="http://www.loc.gov/MARC21/slim">

  <leader>02900cam a22002774a 4500</leader>
  <controlfield tag="001">13367388</controlfield>
  <controlfield tag="003">OSt</controlfield>
  <controlfield tag="005">20220303102705.0</controlfield>
  <controlfield tag="008">031008s2004    njua     b    001 0 eng  </controlfield>
  <datafield tag="010" ind1=" " ind2=" ">
    <subfield code="a">  2003062447</subfield>
  </datafield>
  <datafield tag="020" ind1=" " ind2=" ">
    <subfield code="a">0131441728</subfield>
  </datafield>
  <datafield tag="040" ind1=" " ind2=" ">
    <subfield code="a">DLC</subfield>
    <subfield code="c">LC</subfield>
    <subfield code="d">DLC</subfield>
  </datafield>
  <datafield tag="050" ind1="0" ind2="0">
    <subfield code="a">HB171.5.C31</subfield>
  </datafield>
  <datafield tag="100" ind1="1" ind2=" ">
    <subfield code="a">Case, Karl E.</subfield>
  </datafield>
  <datafield tag="245" ind1="1" ind2="0">
    <subfield code="a">Principles of economics. / </subfield>
    <subfield code="c">Karl E. Case, Ray C. Fair.</subfield>
  </datafield>
  <datafield tag="250" ind1=" " ind2=" ">
    <subfield code="a">7th ed.</subfield>
  </datafield>
  <datafield tag="260" ind1=" " ind2=" ">
    <subfield code="a">Upper Saddle River, NJ:</subfield>
    <subfield code="b">Pearson Prentice Hall,</subfield>
    <subfield code="c">2004.</subfield>
  </datafield>
  <datafield tag="300" ind1=" " ind2=" ">
    <subfield code="a">xlv, 750 p. :</subfield>
    <subfield code="b">ill. (chiefly col.) ;</subfield>
    <subfield code="c">28 cm.</subfield>
  </datafield>
  <datafield tag="504" ind1=" " ind2=" ">
    <subfield code="a">Includes index.</subfield>
  </datafield>
  <datafield tag="505" ind1=" " ind2=" ">
    <subfield code="a">Contents: 1. Introduction to economics: The scope and method of economics -- The economics problems; scarcity and choice -- Demand, supply, and market equilibrium -- Demand and supply applications and elasticity -- 2. Foundations for microeconomics; consumers and firms: Household behavior and consumer choice -- The production process; the behavior of profit maximizing firms -- Short-run costs and output decisions -- Long-run costs and output decisions -- Input demand; the labor and land market -- Input demand; capital market and the investment decision -- General equilibrium and the efficiency of perfect competition -- 3. Market imperfections and the role of Government: Monopoly and the antitrust policy -- Monopolistic competition and oligopoly -- Externalities, public goods, imperfect information, and social choice -- Income distribution and poverty -- Public finance; the economics of taxation -- 4. Concepts and problems in macroeconomics: Introduction to macroeconomics -- Measuring national output and national income -- Long-run and short-run concerns; Growth, productivity, unemployment and inflation -- 5. The goods and money markets: Aggregate expenditure and equilibrium output -- The Government and fiscal policy -- The money supply and the federal reserve systems -- Money demand, the equilibrium interest rate, and monetary policy -- 6. Macroeconomics analysis: Money, the interest rate, and output; analysis and policy -- Aggregate demand, Aggregate supply, and inflation -- The labor market, unemployment, and inflation -- Macroeconomic issues and policy -- The stock market and the economy -- Household and firm behavior in the macroeconomy; A further look -- Long-run growth -- Debate in macroeconomics; monetarism, new classical theory, and supply-side economics -- 7. The world economy: International trade, comparative advantage, and protectionism -- Open-economy macroeconomics; the balance of payment and exchange rates -- Globalization -- Economic growth in developing and transitional economies.</subfield>
  </datafield>
  <datafield tag="650" ind1=" " ind2=" ">
    <subfield code="v">Economics</subfield>
  </datafield>
  <datafield tag="700" ind1="1" ind2=" ">
    <subfield code="a">Fair, Ray C.</subfield>
  </datafield>
  <datafield tag="906" ind1=" " ind2=" ">
    <subfield code="a">7</subfield>
    <subfield code="b">cbc</subfield>
    <subfield code="c">orignew</subfield>
    <subfield code="d">1</subfield>
    <subfield code="e">ocip</subfield>
    <subfield code="f">20</subfield>
    <subfield code="g">y-gencatlg</subfield>
  </datafield>
  <datafield tag="942" ind1=" " ind2=" ">
    <subfield code="2">lcc</subfield>
    <subfield code="c">BK</subfield>
  </datafield>
  <datafield tag="999" ind1=" " ind2=" ">
    <subfield code="c">8841</subfield>
    <subfield code="d">16341</subfield>
  </datafield>
  <datafield tag="952" ind1=" " ind2=" ">
    <subfield code="0">0</subfield>
    <subfield code="1">0</subfield>
    <subfield code="2">lcc</subfield>
    <subfield code="4">0</subfield>
    <subfield code="7">0</subfield>
    <subfield code="a">WIUC-KL</subfield>
    <subfield code="b">WIUC-KL</subfield>
    <subfield code="c">GEN</subfield>
    <subfield code="d">2019-10-28</subfield>
    <subfield code="e">WIUC</subfield>
    <subfield code="l">0</subfield>
    <subfield code="o">HB171.5.C31(7e)</subfield>
    <subfield code="p">K/863/863/19</subfield>
    <subfield code="r">2022-03-01 00:00:00</subfield>
    <subfield code="w">2022-03-01</subfield>
    <subfield code="y">BK</subfield>
  </datafield>
</record>
